| 000 | 01088nam a2200277 i 4500 | ||
|---|---|---|---|
| 003 | DO-SdBNP | ||
| 005 | 20250609093735.0 | ||
| 007 | ta | ||
| 008 | 250609s2022 dr ao 000 0 spa d | ||
| 040 |
_aDO-SdBNP _bspa _cBNPHU _erda |
||
| 082 |
_a338.047293 _bA837m, 2022 _222 |
||
| 110 | 1 |
_aAsociación Nacional de Jóvenes Empresarios (ANJE) _988017 |
|
| 245 | 1 | 0 |
_aMemorias institucionales : _b2021-2022 / |
| 264 | 1 |
_aSanto Domingo : _bAsociación Nacional de Jóvenes Empresarios (ANJE), _c[2022]. |
|
| 300 |
_a122 páginas : _bilustraciones, fotografías ; _c28 cm. |
||
| 336 |
_atexto _btxt _2rdacontent |
||
| 337 |
_asin mediación _bn _2rdamedia |
||
| 338 |
_avolumen _bnc _2rdacarrier |
||
| 500 | _aNuevas respuestas para un futuro mejor. | ||
| 590 | _aInventariado, 2025/ YL | ||
| 600 | 1 |
_aAsociación Nacional de Jóvenes Empresarios (ANJE) _xMemorias _y2021-2022 _988018 |
|
| 650 |
_aEmpresas privadas _xMemorias _yRepública Dominicana _988019 |
||
| 856 | _yhttps://anje.org/wp-content/uploads/2022/10/Memorias-ANJE-22_digital.pdf | ||
| 910 | _aYLockward | ||
| 942 |
_2ddc _cLBS1 |
||
| 999 |
_c59171 _d59171 |
||